| 000 | 00592nam a2200181 i 4500 | ||
|---|---|---|---|
| 001 | 84369 | ||
| 003 | ES-MaACL | ||
| 005 | 20250926063052.0 | ||
| 007 | t| | ||
| 008 | 041122s1903 fr ||||1| fre d | ||
| 100 | 1 |
_aJames, William, _d1842-1910 _965978 |
|
| 245 | 1 | 3 |
_aLa theorie de l'emotion / _cpar William James ; precede d'une introduction par Georges Dumas ; traduit de l'anglais. |
| 260 |
_aParis : _bFélix Alcan, _c1903 ( _eVersailles : _fCerf) |
||
| 300 |
_a170 p. ; _c18 cm. |
||
| 700 | 1 |
_aDumas, Georges. _945987 |
|
| 852 |
_aES-MaACL _jF-11932 |
||
| 999 |
_c84369 _d84369 |
||